| 000 | 00983cam a2200241 a 4500 | ||
|---|---|---|---|
| 001 | 000005727 | ||
| 003 | DO-SdBNP | ||
| 005 | 20251028135430.0 | ||
| 008 | 790130s1968 ve a b f001 0 spa | ||
| 040 |
_aDO-SdBNP _cDLC _dDLC |
||
| 041 | 1 | 7 |
_aspa _heng _2Código de idioma MARC |
| 082 |
_a973.987 _bH313r |
||
| 100 | 1 |
_aHarris, William Lane. _916195 |
|
| 245 | 1 | 4 |
_aLas reclamaciones de la Isla de Aves : _bun estudio de las técnicas de las reclamaciones / _cWilliam Lane Harris ; traducción, Jerónimo Carrera. |
| 260 |
_aCaracas, Venezuela : _bEdiciones de la Biblioteca de la Universidad Central de Venezuela, _c1968. |
||
| 300 |
_a128 p. : _bil. ; _c21 cm. |
||
| 500 | _aTraducción de la tesis presentada por el autor, la Universidad de Vanderbilt, 1963. | ||
| 600 | 1 | 4 |
_aShelton, Philo S. _916197 |
| 651 | 4 |
_aEstados Unidos _xReclamaciones Contra Venezuela _916196 |
|
| 700 | 1 |
_aCarrera, Jerónimo, _etr. _916198 |
|
| 910 | _aCatalogación por copia / LC | ||
| 942 |
_2ddc _cLBS1 |
||
| 999 |
_c5523 _d5523 |
||